000 00508nam a2200157 i 4500
001 51330
003 ES-MaACL
007 t|
008 030812s1982 sp ||||1| spa d
100 1 _aDaerr, Alfred.
_942426
245 1 0 _aElementos de tecnología farmacéutica /
_cAlfred Dèarr ; traducido por Vicente Montejo de Garcini Guedas.
260 _aZaragoza :
_bAcribia,
_c[1982]
300 _a121 p. ;
_c24 cm.
700 1 _aMontejo de Garcini Guedas, Vicente.
_982443
852 _aES-MaACL
_jL-4089
_bR.104389
999 _c51330
_d51330